000 00506nam a2200169 a 4500
001 000021551
005 20200930011349.0
008 100909s1929 dr 000 0 spa d
040 _aDO-SdBNP
_bspa
_cBNPHU
082 _axxx
_bL681g
110 1 _aRepública Dominicana.
_9447
240 1 3 _a[Leyes etc.]
245 1 0 _aLey de gastos públicos para el año económico de 1929.
260 _aSanto Domingo :
_bImprenta de J. R. Vda. García, Sucesores,
_c1929.
300 _a302 p. ;
_c28 cm.
049 _aBNPD
999 _c21050
_d21050